Normal view
MARC view
- XEN Noor Ul Amin
Entry Personal Name
001 - CONTROL NUMBER
- control field: 48032
003 - CONTROL NUMBER IDENTIFIER
- control field: NUST
005 - DATE AND TIME OF LATEST TRANSACTION
- control field: 20210314133944.0
008 - FIXED-LENGTH DATA ELEMENTS
- fixed length control field: 210314|| aca||aabn | a|a d
040 ## - CATALOGING SOURCE
- Original cataloging agency: NUST
- Transcribing agency: NUST
100 ## - HEADING--PERSONAL NAME
- Personal name: XEN Noor Ul Amin
670 ## - SOURCE DATA FOUND
- Source citation: Work cat.: (NUST): Lt Bashir syn no 6 48031, Soil Settlement & Consolidation Analysis of Risalpur Soil, 19 April 2000
